[Event "42. Torneo Capablanca In Memoriam-Open"]
[Site "La Habana CUB"]
[Date "2007.05.25"]
[Round "7.32"]
[White "Piña Vega, Sulennis"]
[Black "Hernandez, Ramon"]
[Result "1/2-1/2"]
[WhiteElo "2322"]
[BlackElo "2252"]
[PlyCount "53"]
[EventDate "2007.05.18"]
[EventType "swiss"]
[EventRounds "9"]
[EventCountry "CUB"]
[Source "lmi"]
[SourceDate "2007.05.18"]

1. e4 c5 2. Nf3 Nc6 3. Bb5 g6 4. Bxc6 dxc6 5. d3 Bg7 6. h3 Nf6 7. Nc3 O-O 8.
Be3 Nd7 9. Qd2 Re8 10. O-O e5 11. Nh2 Qe7 12. f4 exf4 13. Bxf4 Nf8 14. Bh6 Bh8
15. Rae1 f6 16. Be3 Be6 17. b3 b6 18. Ne2 Nd7 19. Nf4 Ne5 20. Nxe6 Qxe6 21. Nf3
Rad8 22. Nxe5 Qxe5 23. Rf3 Rd7 24. Qf2 Bg7 25. Rf1 Rf7 26. g4 Qe6 27. Qg2
1/2-1/2

[Event "42. Torneo Capablanca In Memoriam-Open"]
[Site "La Habana CUB"]
[Date "2007.05.25"]
[Round "7.33"]
[White "Siebrecht, Sebastian"]
[Black "Quezada Perez, Yasser"]
[Result "1-0"]
[WhiteElo "2464"]
[BlackElo "2155"]
[PlyCount "93"]
[EventDate "2007.05.18"]
[EventType "swiss"]
[EventRounds "9"]
[EventCountry "CUB"]
[Source "lmi"]
[SourceDate "2007.05.18"]

1. c4 e5 2. Nc3 Nf6 3. g3 d5 4. cxd5 Nxd5 5. Bg2 Be6 6. Qa4+ Nc6 7. d3 Be7 8.
Nf3 O-O 9. O-O a6 10. Nxd5 Bxd5 11. Be3 f5 12. Rfc1 Bd6 13. Bc5 Qe7 14. b4 b6
15. Bxd6 Qxd6 16. a3 e4 17. Ne1 Nd4 18. Qd1 Qe5 19. Rab1 f4 20. dxe4 fxg3 21.
hxg3 Bxe4 22. f4 Qd5 23. e3 Bxg2 24. Qxd4 Qxd4 25. exd4 Be4 26. Rb2 c6 27. Re2
Rae8 28. Rc3 Bd5 29. Re5 Rxe5 30. dxe5 g5 31. Nd3 h5 32. Kf2 h4 33. gxh4 gxf4
34. Rc1 Be4 35. Rg1+ Kh7 36. Ne1 Rg8 37. Rxg8 Kxg8 38. Ng2 f3 39. Ne1 Kf7 40.
Nxf3 Ke6 41. Ke3 Bxf3 42. Kxf3 Kxe5 43. Ke3 Kf5 44. Kd4 Kg4 45. Ke5 a5 46. bxa5
bxa5 47. Kd6 1-0

[Event "42. Torneo Capablanca In Memoriam-Open"]
[Site "La Habana CUB"]
[Date "2007.05.25"]
[Round "7.34"]
[White "Lebredo Zaragoitia, Gerardo"]
[Black "Garcia Pantoja, Roberto"]
[Result "1/2-1/2"]
[WhiteElo "2256"]
[BlackElo "2230"]
[PlyCount "45"]
[EventDate "2007.05.18"]
[EventType "swiss"]
[EventRounds "9"]
[EventCountry "CUB"]
[Source "lmi"]
[SourceDate "2007.05.18"]

1. d4 Nf6 2. c4 e6 3. Nf3 b6 4. g3 Ba6 5. Qa4 Be7 6. Bg2 Bb7 7. O-O O-O 8. Qc2
c5 9. dxc5 Bxc5 10. Nc3 Nc6 11. Bg5 h6 12. Bxf6 Qxf6 13. Rad1 Rfd8 14. a3 a5
15. Nb5 Qe7 16. Ne5 Rac8 17. Nxc6 dxc6 18. Nc3 Bd4 19. e3 Bxc3 20. Qxc3 c5 21.
Qb3 Bxg2 22. Kxg2 Qb7+ 23. Kg1 1/2-1/2

[Event "42. Torneo Capablanca In Memoriam-Open"]
[Site "La Habana CUB"]
[Date "2007.05.25"]
[Round "7.35"]
[White "Guillen Ramirez, Jose Antonio"]
[Black "Fleitas Marti, Yuleikis"]
[Result "1-0"]
[WhiteElo "2246"]
[BlackElo "2165"]
[PlyCount "113"]
[EventDate "2007.05.18"]
[EventType "swiss"]
[EventRounds "9"]
[EventCountry "CUB"]
[Source "lmi"]
[SourceDate "2007.05.18"]

1. f4 c5 2. Nf3 Nc6 3. b3 d5 4. e3 e6 5. Bb2 f6 6. Bb5 Bd7 7. O-O Bd6 8. Nc3
Nge7 9. a3 Qc7 10. Kh1 O-O-O 11. Qe2 Rhg8 12. Bd3 a6 13. Bxh7 Rh8 14. Bd3 Rh6
15. Rf2 Rg8 16. a4 g5 17. g3 Na5 18. Bxa6 Nf5 19. Rg1 bxa6 20. Qxa6+ Qb7 21.
Qxa5 g4 22. Nb5 Bxb5 23. Qxb5 Qxb5 24. axb5 gxf3 25. Rxf3 Kb7 26. c4 Rgh8 27.
Rf2 Rg6 28. g4 Rhg8 29. Rfg2 Nh4 30. Rg3 d4 31. h3 Ra8 32. Ra1 Rxa1+ 33. Bxa1
Rg8 34. Rg1 Ra8 35. exd4 Nf3 36. Rd1 cxd4 37. Kg2 Nxd2 38. Rxd2 Rxa1 39. Rxd4
Bc5 40. Re4 Rg1+ 41. Kh2 Rf1 42. Kg3 Bf2+ 43. Kg2 Re1 44. Rxe1 Bxe1 45. g5 f5
46. c5 Kc7 47. Kf1 Bh4 48. Ke2 e5 49. fxe5 Bxg5 50. b6+ Kc6 51. b4 Bf4 52. e6
Bg5 53. Kf3 Kb7 54. Kg3 Kc6 55. h4 Bd8 56. h5 Kd5 57. e7 1-0

[Event "42. Torneo Capablanca In Memoriam-Open"]
[Site "La Habana CUB"]
[Date "2007.05.25"]
[Round "7.36"]
[White "Moya Hernandez, Yuleisys"]
[Black "Llaudy Pupo, Lisandra"]
[Result "0-1"]
[WhiteElo "2115"]
[BlackElo "2245"]
[PlyCount "56"]
[EventDate "2007.05.18"]
[EventType "swiss"]
[EventRounds "9"]
[EventCountry "CUB"]
[Source "lmi"]
[SourceDate "2007.05.18"]

1. c4 Nf6 2. Nc3 e5 3. g3 Nc6 4. Bg2 d6 5. d3 h6 6. e3 Be6 7. Nd5 Be7 8. Ne2
Qd7 9. O-O Bd8 10. e4 Bh3 11. Rb1 h5 12. Nec3 Nd4 13. Be3 h4 14. Nxf6+ Bxf6 15.
Bxd4 exd4 16. Nd5 hxg3 17. hxg3 O-O-O 18. Nxf6 gxf6 19. Qf3 Bxg2 20. Qxg2 Rh5
21. Rfd1 Qg4 22. f3 Qg5 23. f4 Qh6 24. Qf3 Rg8 25. Rf1 Rh2 26. Rbe1 Qh3 27. g4
Qh4 28. Rf2 Rxf2 0-1

[Event "42. Torneo Capablanca In Memoriam-Open"]
[Site "La Habana CUB"]
[Date "2007.05.25"]
[Round "7.37"]
[White "Linares Napoles, Oleiny"]
[Black "Miranda, Yerisbel"]
[Result "1-0"]
[WhiteElo "2241"]
[BlackElo "2102"]
[PlyCount "121"]
[EventDate "2007.05.18"]
[EventType "swiss"]
[EventRounds "9"]
[EventCountry "CUB"]
[Source "lmi"]
[SourceDate "2007.05.18"]

1. Nf3 d5 2. b3 Nf6 3. Bb2 e6 4. e3 Nbd7 5. c4 c5 6. Qc2 b6 7. Be2 Bb7 8. d3
Bd6 9. Nbd2 a5 10. a3 Qe7 11. h3 h6 12. Rc1 a4 13. bxa4 Bc6 14. Qb1 Bxa4 15.
O-O O-O 16. Rfe1 Rfb8 17. Bf1 b5 18. e4 dxe4 19. dxe4 Ne8 20. e5 Bc7 21. cxb5
Bxb5 22. Bxb5 Rxb5 23. Nc4 Nb6 24. Nfd2 Nd5 25. Ne4 Rab8 26. Qc2 Nf4 27. Re3
Ng6 28. Ba1 Ra8 29. Rd1 Ra6 30. Red3 Nf4 31. Rg3 Ng6 32. Qc3 Ba5 33. Qe3 Nc7
34. Ncd6 Nd5 35. Qc1 Ndf4 36. Qc2 Rb8 37. Rf3 Rc6 38. Qc4 Rcb6 39. g3 Rb1 40.
Qc2 Rxd1+ 41. Qxd1 Nxh3+ 42. Kg2 Ng5 43. Nxg5 Qxg5 44. Rxf7 Rf8 45. Rxf8+ Nxf8
46. Qf3 Qe7 47. a4 Bb4 48. Qa8 Qc7 49. Nc4 Qd7 50. a5 Qd5+ 51. Qxd5 exd5 52. a6
Ne6 53. a7 Nc7 54. Nb6 Kf7 55. Nxd5 Na8 56. Nxb4 cxb4 57. Kf3 Ke6 58. Ke4 Nb6
59. Bd4 Na8 60. f4 g5 61. f5+ 1-0

[Event "42. Torneo Capablanca In Memoriam-Open"]
[Site "La Habana CUB"]
[Date "2007.05.25"]
[Round "7.38"]
[White "Perez Rodriguez, Jennifer"]
[Black "Naranjo, Sebastian"]
[Result "1-0"]
[WhiteElo "2194"]
[BlackElo "2039"]
[PlyCount "109"]
[EventDate "2007.05.18"]
[EventType "swiss"]
[EventRounds "9"]
[EventCountry "CUB"]
[Source "lmi"]
[SourceDate "2007.05.18"]

1. e4 e6 2. d3 d5 3. Nd2 Nf6 4. Ngf3 Nc6 5. g3 dxe4 6. dxe4 e5 7. Bg2 Bc5 8.
O-O O-O 9. c3 a5 10. Qc2 b6 11. Nc4 Ng4 12. h3 Ba6 13. hxg4 Bxc4 14. Rd1 Qe7
15. Nh4 a4 16. Nf5 Qe6 17. Rd5 Ne7 18. Rxc5 bxc5 19. Be3 g6 20. Bxc5 gxf5 21.
exf5 Qf6 22. Bxa8 Rxa8 23. Bxe7 Qxe7 24. Qe4 Rb8 25. Qxc4 Rxb2 26. Qxa4 Qc5 27.
Qa8+ Kg7 28. Qf3 e4 29. f6+ Kg6 30. Qf4 Re2 31. Kf1 Rb2 32. Re1 Rxa2 33. Rxe4
Ra5 34. Kg1 Ra1+ 35. Kh2 Ra2 36. Kg2 Ra5 37. Rd4 Qc6+ 38. Qe4+ Qxe4+ 39. Rxe4
Kxf6 40. Kf3 Rd5 41. Ke3 Rd6 42. Rc4 c6 43. Rd4 Re6+ 44. Kd3 h6 45. Re4 Rd6+
46. Kc4 Rd5 47. Rd4 Ke5 48. Rf4 Ke6 49. Rf5 Rxf5 50. gxf5+ Kxf5 51. Kc5 Kg4 52.
Kxc6 f5 53. Kd6 f4 54. c4 f3 55. Ke5 1-0

[Event "42. Torneo Capablanca In Memoriam-Open"]
[Site "La Habana CUB"]
[Date "2007.05.25"]
[Round "7.39"]
[White "Valdes, Alejandro"]
[Black "Frometa Castillo, Zirka"]
[Result "1-0"]
[WhiteElo "2121"]
[BlackElo "2164"]
[PlyCount "73"]
[EventDate "2007.05.18"]
[EventType "swiss"]
[EventRounds "9"]
[EventCountry "CUB"]
[Source "lmi"]
[SourceDate "2007.05.18"]

1. e4 c6 2. Nc3 g6 3. d4 Bg7 4. Nf3 d6 5. Be3 Nf6 6. h3 O-O 7. Qd2 b5 8. Bd3 b4
9. Ne2 a5 10. a3 bxa3 11. Rxa3 Bb7 12. O-O c5 13. d5 c4 14. Bxc4 Nxe4 15. Qd3
Nc5 16. Qd2 Nbd7 17. Bd4 Bxd4 18. Nexd4 Nb6 19. Qh6 f6 20. Bd3 Qe8 21. Bb5 Qf7
22. c4 Qg7 23. Qd2 a4 24. Re1 e5 25. dxe6 Ne4 26. Qc2 f5 27. b3 axb3 28. Qxb3
Rxa3 29. Qxa3 Ra8 30. Qb3 Nc5 31. Qe3 Qe7 32. Nb3 Ra3 33. Qg5 Qxg5 34. Nxg5
Nxe6 35. Rxe6 Bc8 36. Rxd6 Rxb3 37. Rxb6 1-0

[Event "42. Torneo Capablanca In Memoriam-Open"]
[Site "La Habana CUB"]
[Date "2007.05.25"]
[Round "7.40"]
[White "Beltre, Pedro"]
[Black "Altamirano Gonzalez, Yehudi"]
[Result "0-1"]
[WhiteElo "1966"]
[BlackElo "2138"]
[PlyCount "48"]
[EventDate "2007.05.18"]
[EventType "swiss"]
[EventRounds "9"]
[EventCountry "CUB"]
[Source "lmi"]
[SourceDate "2007.05.18"]

1. e4 c5 2. Nf3 d6 3. d4 cxd4 4. Nxd4 Nf6 5. Nc3 g6 6. f3 Bg7 7. Be3 O-O 8. Qd2
Nc6 9. g4 Nxd4 10. Bxd4 Be6 11. h4 Qa5 12. O-O-O Rfc8 13. g5 Nh5 14. Bxg7 Kxg7
15. Bh3 Rc5 16. Kb1 Bxh3 17. Rxh3 Rac8 18. Qd4+ e5 19. Qxd6 Rxc3 20. bxc3 Rc6
21. Qd2 Qa3 22. Ka1 Ra6 23. Qd5 Qxc3+ 24. Kb1 Nf4 0-1

[Event "42. Torneo Capablanca In Memoriam-Open"]
[Site "La Habana CUB"]
[Date "2007.05.25"]
[Round "7.41"]
[White "Cardenas Ballester, Maidelin"]
[Black "Corrales Jimenez, Zenia"]
[Result "1/2-1/2"]
[WhiteElo "2098"]
[BlackElo "2185"]
[PlyCount "129"]
[EventDate "2007.05.18"]
[EventType "swiss"]
[EventRounds "9"]
[EventCountry "CUB"]
[Source "lmi"]
[SourceDate "2007.05.18"]

1. e4 c5 2. d4 cxd4 3. c3 dxc3 4. Nxc3 e6 5. Bc4 d6 6. Nf3 Ne7 7. O-O a6 8. a4
Ng6 9. Qe2 Be7 10. Rd1 Qc7 11. Be3 O-O 12. a5 Nc6 13. Na4 Kh8 14. Bb6 Qb8 15.
Qd2 Nce5 16. Nxe5 Nxe5 17. Bb3 Bd7 18. Bd4 Bxa4 19. Bxa4 Ng6 20. Bb6 d5 21.
exd5 exd5 22. Qxd5 Bf6 23. Rac1 Nf4 24. Qf3 Ne6 25. Rd7 Qf4 26. Qxf4 Nxf4 27.
Kf1 Bxb2 28. Rb1 Bf6 29. g3 Ng6 30. Rxb7 Ne5 31. Rc1 g5 32. h3 h5 33. Kg2 Kg7
34. Bb3 g4 35. Bd5 Rac8 36. Rbc7 Rcd8 37. Bb7 Nd3 38. Rb1 Rfe8 39. Bxa6 Ne1+
40. Rxe1 Rxe1 41. hxg4 Rh8 42. gxh5 Rxh5 43. Bc4 Rc1 44. Bxf7 Rxc7 45. Bxh5 Rc6
46. Bf3 Rd6 47. Bc5 Ra6 48. Bb6 Bc3 49. Bb7 Rxa5 50. Bxa5 Bxa5 51. f4 Kf6 52.
Kf3 Bc7 53. g4 Kg6 54. Be4+ Kf6 55. g5+ Kg7 56. Kg4 Bd6 57. Bc6 Bc7 58. Be8 Bd6
59. f5 Be7 60. Bd7 Bd8 61. Kh5 Be7 62. g6 Kf6 63. Kg4 Bf8 64. Kf4 Bh6+ 65. Ke4
1/2-1/2

[Event "42. Torneo Capablanca In Memoriam-Open"]
[Site "La Habana CUB"]
[Date "2007.05.25"]
[Round "7.42"]
[White "Infante, Brian"]
[Black "Diaz Hernandez, Heriberto"]
[Result "0-1"]
[WhiteElo "2114"]
[BlackElo "2167"]
[PlyCount "148"]
[EventDate "2007.05.18"]
[EventType "swiss"]
[EventRounds "9"]
[EventCountry "CUB"]
[Source "lmi"]
[SourceDate "2007.05.18"]

1. d4 d5 2. c4 e6 3. cxd5 exd5 4. Nc3 Nf6 5. Bg5 Be7 6. e3 c6 7. Bd3 Ne4 8. Bf4
Qa5 9. Nge2 g5 10. Be5 f6 11. Bg3 h5 12. f3 Nxg3 13. Bg6+ Kd8 14. hxg3 h4 15.
gxh4 gxh4 16. Qc2 Na6 17. a3 Bd7 18. Bf5 Qc7 19. Nf4 Bd6 20. Nce2 Rh6 21. Kf2
Bxf5 22. Qxf5 Qd7 23. Qxd7+ Kxd7 24. Rh3 Rah8 25. Rah1 Nc7 26. Kf1 Bf8 27. e4
Bg7 28. Kf2 b6 29. Ke3 Bf8 30. Nc3 Kd6 31. Kd3 Bg7 32. Nd1 f5 33. e5+ Kd7 34.
Ne3 Ne6 35. Ne2 Ng5 36. R3h2 h3 37. gxh3 Rxh3 38. Rxh3 Nxh3 39. Kc3 Nf4 40.
Rxh8 Nxe2+ 41. Kd2 Bxh8 42. Kxe2 Ke6 43. f4 Bg7 44. Kf3 c5 45. Nc2 c4 46. Ke3
Bf8 47. Ne1 b5 48. Ng2 a5 49. Kd2 Be7 50. Kc3 b4+ 51. axb4 axb4+ 52. Kc2 Bd8
53. Ne1 Bh4 54. Nf3 Bg3 55. Ng5+ Ke7 56. Nh3 b3+ 57. Kd1 Kd7 58. Kd2 Be1+ 59.
Kc1 Ke7 60. Ng1 Bf2 61. Ne2 Be3+ 62. Kb1 Kf7 63. Ka1 Bd2 64. Kb1 Kg6 65. Ka1
Kh5 66. Nc3 Bxf4 67. Nxd5 Bd2 68. Nf6+ Kg6 69. Kb1 Be3 70. d5 Bd4 71. Nd7 f4
72. e6 f3 73. Nf8+ Kf6 74. d6 f2 0-1

[Event "42. Torneo Capablanca In Memoriam-Open"]
[Site "La Habana CUB"]
[Date "2007.05.26"]
[Round "8.1"]
[White "Horvath, Csaba"]
[Black "Hernandez Carmenates, Holden"]
[Result "1-0"]
[WhiteElo "2538"]
[BlackElo "2541"]
[PlyCount "83"]
[EventDate "2007.05.18"]
[EventType "swiss"]
[EventRounds "9"]
[EventCountry "CUB"]
[Source "lmi"]
[SourceDate "2007.05.18"]

1. d4 Nf6 2. c4 e6 3. Nc3 Bb4 4. Qc2 O-O 5. a3 Bxc3+ 6. Qxc3 b6 7. Bg5 Bb7 8.
f3 h6 9. Bh4 d5 10. e3 Nbd7 11. cxd5 Nxd5 12. Bxd8 Nxc3 13. Bh4 Nd5 14. Bf2 c5
15. e4 Nf4 16. Be3 g5 17. Rd1 cxd4 18. Bxd4 Rad8 19. Ne2 e5 20. Nxf4 exd4 21.
Ne2 d3 22. Rxd3 Ne5 23. Rxd8 Rxd8 24. Nc3 g4 25. Be2 gxf3 26. gxf3 f5 27. exf5
Bxf3 28. Rf1 Nd3+ 29. Bxd3 Rxd3 30. Rg1+ Kf7 31. Rg3 Kf6 32. Kf2 Rd2+ 33. Kxf3
Rxh2 34. Kf4 Rf2+ 35. Ke4 Rxb2 36. Rg6+ Kf7 37. a4 Rb3 38. Nd5 Ra3 39. Rxh6
Rxa4+ 40. Ke5 Ra1 41. Rh7+ Kg8 42. Rb7 1-0

[Event "42. Torneo Capablanca In Memoriam-Open"]
[Site "La Habana CUB"]
[Date "2007.05.26"]
[Round "8.2"]
[White "Pozo Vera, Sandro"]
[Black "Guerra Mendez, Jose Angel"]
[Result "1/2-1/2"]
[WhiteElo "2448"]
[BlackElo "2399"]
[PlyCount "42"]
[EventDate "2007.05.18"]
[EventType "swiss"]
[EventRounds "9"]
[EventCountry "CUB"]
[Source "lmi"]
[SourceDate "2007.05.18"]

1. d4 Nf6 2. Nf3 g6 3. c4 Bg7 4. Nc3 O-O 5. e4 d6 6. Be2 e5 7. O-O Nc6 8. d5
Ne7 9. b4 Nh5 10. Re1 f5 11. Ng5 Nf6 12. Bf3 Rb8 13. b5 h6 14. Ne6 Bxe6 15.
dxe6 Qc8 16. Nd5 Qxe6 17. exf5 Nxf5 18. Nxf6+ Qxf6 19. Bxb7 Ne7 20. Bd5+ Nxd5
21. Qxd5+ Qf7 1/2-1/2

[Event "42. Torneo Capablanca In Memoriam-Open"]
[Site "La Habana CUB"]
[Date "2007.05.26"]
[Round "8.3"]
[White "Colovic, Aleksandar"]
[Black "Otero, Diasmany"]
[Result "1/2-1/2"]
[WhiteElo "2463"]
[BlackElo "2366"]
[PlyCount "33"]
[EventDate "2007.05.18"]
[EventType "swiss"]
[EventRounds "9"]
[EventCountry "CUB"]
[Source "lmi"]
[SourceDate "2007.05.18"]

1. c4 e5 2. g3 Nc6 3. Bg2 d6 4. Nc3 Be6 5. d3 Qd7 6. b4 g6 7. b5 Nd8 8. Nf3 Bh3
9. Bxh3 Qxh3 10. d4 f6 11. Be3 Bg7 12. dxe5 dxe5 13. Qa4 b6 14. Nd5 Ne6 15. Qa3
Kf7 16. Rd1 Bf8 17. Qb2 1/2-1/2

[Event "42. Torneo Capablanca In Memoriam-Open"]
[Site "La Habana CUB"]
[Date "2007.05.26"]
[Round "8.4"]
[White "Corrales Jimenez, Fidel"]
[Black "Almeida Quintana, Omar"]
[Result "1-0"]
[WhiteElo "2479"]
[BlackElo "2488"]
[PlyCount "159"]
[EventDate "2007.05.18"]
[EventType "swiss"]
[EventRounds "9"]
[EventCountry "CUB"]
[Source "lmi"]
[SourceDate "2007.05.18"]

1. e4 c5 2. Nf3 Nc6 3. d4 cxd4 4. Nxd4 Nf6 5. Nc3 d6 6. Bg5 Qb6 7. Nb3 e6 8.
Bxf6 gxf6 9. Be2 a6 10. Bh5 Bd7 11. Qd2 Ne5 12. O-O-O Rg8 13. g3 Ng4 14. Rhf1
Rg5 15. Bxg4 Rxg4 16. f4 O-O-O 17. Rf3 Kb8 18. Nd4 Rc8 19. f5 Qc5 20. h3 Rg8
21. g4 h5 22. gxh5 Rh8 23. Kb1 Qe5 24. Qg2 Bh6 25. Qf2 Rc4 26. Rfd3 Bf8 27. Qf3
Bh6 28. Qe2 Bf8 29. Nf3 Qf4 30. Rf1 Rc8 31. Nd4 Qh4 32. Qg2 Qxh5 33. fxe6 fxe6
34. Rxf6 Be7 35. Rg6 Rh6 36. Rxh6 Qxh6 37. a3 Bf6 38. Nf3 Qf4 39. Qh2 Qxh2 40.
Nxh2 Kc7 41. Ng4 Be7 42. e5 Rh8 43. exd6+ Bxd6 44. Ne4 Be7 45. Ne5 Be8 46. Rc3+
Kd8 47. Re3 Rh5 48. Nd3 Bc6 49. b4 Bxe4 50. Rxe4 Rxh3 51. Rxe6 a5 52. Kb2 axb4
53. axb4 Rh4 54. Kb3 Rd4 55. Rg6 Rd6 56. Rg8+ Kc7 57. Rg7 Kd8 58. Rh7 Rd4 59.
Rh3 Rh4 60. Rg3 Bd6 61. Rf3 Kc8 62. c3 Rg4 63. Rf5 Kc7 64. Nb2 Rf4 65. Rh5 Rf7
66. Nc4 Bf4 67. Ka4 Bg3 68. Kb5 Bf4 69. Nb6 Bg3 70. c4 Kd6 71. Rh8 Bf2 72. Re8
Rc7 73. Re4 Rc6 74. c5+ Kc7 75. Re7+ Kd8 76. Rxb7 Rh6 77. c6 Bg3 78. Rd7+ Ke8
79. Nd5 Bd6 80. Kb6 1-0

[Event "42. Torneo Capablanca In Memoriam-Open"]
[Site "La Habana CUB"]
[Date "2007.05.26"]
[Round "8.6"]
[White "Needleman, Gaston"]
[Black "Rasmussen, Karsten"]
[Result "1-0"]
[WhiteElo "2416"]
[BlackElo "2462"]
[PlyCount "91"]
[EventDate "2007.05.18"]
[EventType "swiss"]
[EventRounds "9"]
[EventCountry "CUB"]
[Source "lmi"]
[SourceDate "2007.05.18"]

1. e4 c6 2. d4 d5 3. e5 Bf5 4. Nf3 e6 5. Be2 Nd7 6. O-O Bg6 7. c3 Nh6 8. Nbd2
Be7 9. Ne1 O-O 10. Nd3 c5 11. Nf4 cxd4 12. cxd4 Nb8 13. Nxg6 hxg6 14. Nf3 Nc6
15. h3 Rc8 16. g4 Qb6 17. Rb1 Rc7 18. Be3 Rfc8 19. b4 a5 20. bxa5 Qxa5 21. a4
Qa7 22. Qb3 Nb4 23. Bd2 Nc2 24. Rfd1 Na3 25. Rbc1 Nc4 26. Bf4 Rc6 27. Qb5 Bf8
28. Bxc4 Rxc4 29. Rxc4 Rxc4 30. Rc1 Rxa4 31. Rc8 Rc4 32. Rd8 Qa3 33. Qe8 Rc7
34. Kg2 Qe7 35. Ng5 b5 36. Qxe7 Rxe7 37. Bd2 f6 38. Bb4 Nf7 39. Rb8 Nxg5 40.
Bxe7 Nh7 41. f4 fxe5 42. fxe5 g5 43. Bc5 Kf7 44. Rxb5 Bxc5 45. dxc5 Nf8 46.
Rb7+ 1-0

[Event "42. Torneo Capablanca In Memoriam-Open"]
[Site "La Habana CUB"]
[Date "2007.05.26"]
[Round "8.7"]
[White "Gomez Garrido, Camilo"]
[Black "Leon Hoyos, Manuel"]
[Result "1/2-1/2"]
[WhiteElo "2413"]
[BlackElo "2454"]
[PlyCount "96"]
[EventDate "2007.05.18"]
[EventType "swiss"]
[EventRounds "9"]
[EventCountry "CUB"]
[Source "lmi"]
[SourceDate "2007.05.18"]

1. e4 c5 2. Nf3 d6 3. d4 cxd4 4. Nxd4 Nf6 5. Nc3 a6 6. a4 g6 7. Be2 Bg7 8. O-O
Nc6 9. Be3 O-O 10. Kh1 Bd7 11. Nb3 Be6 12. f4 Rc8 13. Bf3 Bc4 14. Rf2 Nd7 15.
e5 Qc7 16. Rd2 Rfe8 17. Bd5 Bxd5 18. Nxd5 Qb8 19. exd6 exd6 20. c3 Re4 21. Rd3
Rce8 22. Nd2 R4e6 23. Nb3 b6 24. Nd4 Nxd4 25. Bxd4 Nc5 26. Bxc5 dxc5 27. h3 b5
28. axb5 axb5 29. Qf3 Re2 30. Re3 R2xe3 31. Nxe3 b4 32. Nd5 bxc3 33. bxc3 Qb2
34. Rf1 Qc2 35. Kh2 h5 36. f5 Be5+ 37. Kg1 Qxf5 38. Qxf5 gxf5 39. Rxf5 Kg7 40.
Rxh5 Kg6 41. g4 f6 42. Kf2 Rd8 43. Ne7+ Kg7 44. Nc6 Rd2+ 45. Ke3 Bxc3 46. Rxc5
Rh2 47. Rxc3 Rxh3+ 48. Kd2 Rxc3 1/2-1/2

[Event "42. Torneo Capablanca In Memoriam-Open"]
[Site "La Habana CUB"]
[Date "2007.05.26"]
[Round "8.8"]
[White "Martinez, Lelys"]
[Black "Mateo, Ramon"]
[Result "1-0"]
[WhiteElo "2400"]
[BlackElo "2448"]
[PlyCount "99"]
[EventDate "2007.05.18"]
[EventType "swiss"]
[EventRounds "9"]
[EventCountry "CUB"]
[Source "lmi"]
[SourceDate "2007.05.18"]

1. e4 c5 2. Nf3 a6 3. Nc3 e6 4. d4 cxd4 5. Nxd4 b5 6. Bd3 Qb6 7. Nb3 Qc7 8. Qe2
d6 9. a4 b4 10. Nd1 Nf6 11. f4 Nc6 12. Nf2 Be7 13. Bd2 Nd7 14. O-O O-O 15. Kh1
a5 16. Ng4 Bb7 17. Rf3 Nc5 18. Rh3 Nxd3 19. cxd3 Rfe8 20. Ne3 g6 21. Ng4 h5 22.
Nh6+ Kg7 23. f5 Bf6 24. Rf1 Ne5 25. Nd4 Qd7 26. Rf2 Qe7 27. Rg3 h4 28. Rh3 Rac8
29. Qe3 Rh8 30. fxe6 fxe6 31. Nf3 Rcf8 32. Nxe5 Bg5 33. Nf5+ Rxf5 34. exf5 Bxe3
35. f6+ Qxf6 36. Rxf6 dxe5 37. Rxe6 Bc8 38. Rxe3 Bxe6 39. Rxe5 Bf5 40. Rxa5 Rd8
41. Bxb4 Rxd3 42. Kg1 h3 43. gxh3 Bxh3 44. Kf2 Bf5 45. Rc5 Kh6 46. Bc3 Kg5 47.
Rc4 Be6 48. Re4 Bd5 49. Re3 Rd1 50. Ke2 1-0

[Event "42. Torneo Capablanca In Memoriam-Open"]
[Site "La Habana CUB"]
[Date "2007.05.26"]
[Round "8.10"]
[White "Zambrana, Oswaldo"]
[Black "Ortega, Mariano"]
[Result "1-0"]
[WhiteElo "2495"]
[BlackElo "2417"]
[PlyCount "72"]
[EventDate "2007.05.18"]
[EventType "swiss"]
[EventRounds "9"]
[EventCountry "CUB"]
[Source "lmi"]
[SourceDate "2007.05.18"]

1. e4 e5 2. Nf3 Nc6 3. Bc4 Bc5 4. O-O Nf6 5. d3 O-O 6. Bb3 d6 7. c3 a6 8. Be3
h6 9. h3 Ba7 10. Nbd2 Re8 11. Re1 Be6 12. Bxa7 Rxa7 13. d4 Bd7 14. a4 Ra8 15.
a5 Qe7 16. Bc4 Rad8 17. Qb3 Bc8 18. Qa3 Qf8 19. Bb3 exd4 20. cxd4 d5 21. Bxd5
Nxd5 22. exd5 Rxe1+ 23. Rxe1 Ne7 24. d6 Rxd6 25. Ne4 Rd8 26. Nc5 Nc6 27. Nxb7
Nxd4 28. Nxd4 Rxd4 29. Qc3 Rd7 30. Nc5 Re7 31. b4 Rxe1+ 32. Qxe1 Kh7 33. Qe4+
g6 34. Qe5 Qd6 35. Qxd6 cxd6 36. Ne4 Bd7 1-0

[Event "42. Torneo Capablanca In Memoriam-Open"]
[Site "La Habana CUB"]
[Date "2007.05.26"]
[Round "8.11"]
[White "Blanco, Humberto"]
[Black "Vera Gonzalez-Quevedo, Reynaldo"]
[Result "1/2-1/2"]
[WhiteElo "2405"]
[BlackElo "2481"]
[PlyCount "23"]
[EventDate "2007.05.18"]
[EventType "swiss"]
[EventRounds "9"]
[EventCountry "CUB"]
[Source "lmi"]
[SourceDate "2007.05.18"]

1. e4 c5 2. Nf3 d6 3. d4 Nf6 4. Nc3 cxd4 5. Nxd4 Nc6 6. f3 e6 7. Be3 Be7 8. Qd2
O-O 9. O-O-O d5 10. exd5 Nxd5 11. Nxd5 Qxd5 12. Nb3 1/2-1/2

[Event "42. Torneo Capablanca In Memoriam-Open"]
[Site "La Habana CUB"]
[Date "2007.05.26"]
[Round "8.12"]
[White "Fernandez Garcia, Jose Luis"]
[Black "Ruiz, Orlen"]
[Result "1-0"]
[WhiteElo "2467"]
[BlackElo "2321"]
[PlyCount "71"]
[EventDate "2007.05.18"]
[EventType "swiss"]
[EventRounds "9"]
[EventCountry "CUB"]
[Source "lmi"]
[SourceDate "2007.05.18"]

1. e4 c5 2. Nf3 e6 3. d4 cxd4 4. Nxd4 Nf6 5. Nc3 d6 6. Be2 a6 7. O-O b5 8. Bf3
Ra7 9. Re1 Be7 10. a4 b4 11. Na2 d5 12. exd5 Nxd5 13. Nf5 exf5 14. Qxd5 O-O 15.
Qxd8 Rxd8 16. Be3 Rad7 17. Bb6 Rf8 18. Ba5 Bb7 19. Rxe7 Rxe7 20. Bxb4 Bxf3 21.
Bxe7 Re8 22. gxf3 Rxe7 23. Rd1 Re8 24. Rd5 g6 25. Nb4 Kg7 26. a5 Re6 27. c3 f4
28. Kf1 Kh6 29. Nd3 g5 30. Nc5 Rg6 31. b4 Kh5 32. Rd8 Nc6 33. Ra8 Ne5 34. Rxa6
f6 35. Ke2 Kh4 36. Ne4 1-0

[Event "42. Torneo Capablanca In Memoriam-Open"]
[Site "La Habana CUB"]
[Date "2007.05.26"]
[Round "8.14"]
[White "Perez Mitjans, Orelvis"]
[Black "Aguero, Luis Lazaro"]
[Result "1/2-1/2"]
[WhiteElo "2433"]
[BlackElo "2263"]
[PlyCount "90"]
[EventDate "2007.05.18"]
[EventType "swiss"]
[EventRounds "9"]
[EventCountry "CUB"]
[Source "lmi"]
[SourceDate "2007.05.18"]

1. e4 c6 2. c4 d5 3. exd5 cxd5 4. cxd5 Nf6 5. Qa4+ Nbd7 6. Nc3 g6 7. Bc4 Bg7 8.
d3 O-O 9. Nf3 Nb6 10. Qb3 Bf5 11. Be3 Ne8 12. O-O Nd6 13. Nb5 Nxb5 14. Qxb5 Rc8
15. a4 Qd6 16. a5 Nxc4 17. dxc4 Bd3 18. Rfc1 Qa6 19. Qxa6 bxa6 20. Nd4 Rxc4 21.
Nc6 Re8 22. Rxc4 Bxc4 23. Bc5 Bxb2 24. Re1 Kg7 25. Nxe7 Rd8 26. d6 Rd7 27. h3
Be6 28. Nc6 h5 29. Re3 Bf6 30. Nb8 Rb7 31. Nxa6 Rb5 32. Nc7 Rxc5 33. Ne8+ Kf8
34. Nxf6 Rc1+ 35. Kh2 Rd1 36. Ne4 Bf5 37. Kg3 Bxe4 38. Rxe4 Rxd6 39. Rb4 Rd5
40. Ra4 a6 41. h4 Rf5 42. f3 Ke7 43. Kf2 Ke6 44. Ra3 Rb5 45. g4 Kd6 1/2-1/2